000 00444pab a2200169 454500
008 180718b2003 xxu||||| |||| 00| 0 eng d
100 _aJha, Praveen
245 _aIssues relating to employment in India in the era of globalisation
260 _c2003
300 _ap.47-65.
362 _aNov-Dec
650 _aGlobalization - India
650 _aEmployment - India
650 _aEmployment
773 _aSocial Scientist
909 _a59563
999 _c59563
_d59563